000 00303nam a22001457a 4500
008 230414b ||||| |||| 00| 0 eng d
020 _a9780547247939
041 _aeng
080 _a33
082 _a33BAK
100 _a23
101 _aBIZNES
245 _aTHE NUMERATI
_cBAKER.S
942 _2udc
_cBK
999 _c59536
_d59536